000 01188nam a2200205Ii 4500
003 JO-AjNU
008 230605s9999||||xx |||||||||||||| ||und||
040 _aJO-AjNU
_bara
_erda
_cJO-AjNU
041 _aara
050 1 4 _aHF5549 . N33 2010
100 3 _a (طنجة-المغرب) مؤتمر إدارة الموارد البشرية ودورها في التطوير الإداري,
_eauthor
_934273
245 0 0 _aإدارة الموارد البشرية ودورها في التطوير الإداري : بحوث وأوراق عمل ندوة الاتجاهات الحديثة في التطوير الإداري وتحسين جودة الأداء المؤسسي
264 3 1 _aالقاهرة:المنظمة العربية للتنمية الادارية؛2010
300 _a198ص
_b يشتمل على إرجاعات ببليوجرافية
336 _atext
_btxt
_2rdacontent
337 _aunmediated
_bn
_2rdamedia
338 _avolume
_bnc
_2rdacarrier
490 0 _aالمنظمة العربية للتنمية الادارية(اعمال مؤتمرات)
650 4 _aإدارة الأفراد - التطوير الاداري - البلاد العربية - مؤتمرات 
_934274
999 _aA14033
_c17601
_d17601